Bhutan : (Record no. 361)

MARC details
000 -LEADER
fixed length control field 00745cam a2200217 4500
001 - CONTROL NUMBER
control field 447
005 - DATE AND TIME OF LATEST TRANSACTION
control field 20241002153434.0
008 - FIXED-LENGTH DATA ELEMENTS--GENERAL INFORMATION
fixed length control field 090422s2005 bt ab b 001 0 eng
010 ## - LIBRARY OF CONGRESS CONTROL NUMBER
LC control number 2009311131
020 ## - INTERNATIONAL STANDARD BOOK NUMBER
International Standard Book Number 9622177573
International Standard Book Number 9789622177574
043 ## - GEOGRAPHIC AREA CODE
Geographic area code a-bt---
100 1# - MAIN ENTRY--PERSONAL NAME
Personal name Pommaret, Francoise.
245 10 - TITLE STATEMENT
Title Bhutan :
Remainder of title Himalayan mountain kingdom /
Statement of responsibility, etc. Francoise Pommaret ; photography by Francoise Pommaret ... [et al.] ; translated by Elisabeth B. Booz, Howard Solverson.
260 ## - PUBLICATION, DISTRIBUTION, ETC.
Place of publication, distribution, etc. New Delhi :
Name of publisher, distributor, etc. Pragati Publications,
Date of publication, distribution, etc. 2006.
300 ## - PHYSICAL DESCRIPTION
Extent 320 p. :
Other physical details col. ill., maps ;
Dimensions 22 cm.
504 ## - BIBLIOGRAPHY, ETC. NOTE
Bibliography, etc. note Includes bibliographical references (p. 301-305) and index.
651 #0 - SUBJECT ADDED ENTRY--GEOGRAPHIC NAME
Geographic name Bhutan
Form subdivision Guidebooks.
942 ## - ADDED ENTRY ELEMENTS (KOHA)
Source of classification or shelving scheme Dewey Decimal Classification
Koha item type Main
Holdings
Withdrawn status Lost status Source of classification or shelving scheme Damaged status Not for loan Collection code Home library Current library Shelving location Date acquired Serial Enumeration / chronology Inventory number Total Checkouts Total Renewals Full call number Barcode Date last seen Date last checked out Price effective from Koha item type
  Long Overdue (Lost) Dewey Decimal Classification     Main TEST RTC Library RTC Library Main opac 25/02/2021 7820 13 5 954.98 POM 30009956 24/11/2022 24/11/2022 27/11/2018 Main
    Dewey Decimal Classification     Main TEST RTC Library RTC Library Main opac 25/02/2021 18947       954.98 POM 30020162 02/10/2024   02/10/2024 Main
Royal Thimphu College || All Right Reserved